Statistics for Countries that do not have McDonald's

Click here to take the quiz!

General Stats

  • This quiz has been taken 27 times
    (4 since last reset)
  • The average score is 59 of 92

Answer Stats

Starting Letter of the countryCountry% Correct
AAfghanistan
100%
AAlbania
100%
AAlgeria
100%
AArmenia
100%
BBangladesh
100%
GGhana
100%
NNorth Korea
100%
TThe Gambia
100%
TTogo
100%
AAntigua and Barbuda
75%
BBarbados
75%
BBenin
75%
BBhutan
75%
BBotswana
75%
BBurundi
75%
CChad
75%
DDemocratic Republic of the Congo
75%
EEquatorial Guinea
75%
EEritrea
75%
FFederated States of Micronesia
75%
GGabon
75%
GGuinea
75%
GGuinea-Bissau
75%
HHaiti
75%
IIceland
75%
IIran
75%
IIraq
75%
JJamaica
75%
KKenya
75%
KKosovo
75%
KKyrgyzstan
75%
LLaos
75%
LLesotho
75%
LLiberia
75%
LLibya
75%
MMalawi
75%
MMali
75%
MMonaco
75%
MMongolia
75%
MMontenegro
75%
MMyanmar
75%
NNauru
75%
NNiger
75%
NNigeria
75%
SSaint Lucia
75%
SSan Marino
75%
SSomalia
75%
SSouth Sudan
75%
SSudan
75%
TTajikistan
75%
TTurkmenistan
75%
UUzbekistan
75%
VVanuatu
75%
VVatican City
75%
YYemen
75%
ZZambia
75%
AAndorra
50%
AAngola
50%
BBelize
50%
BBurkina Faso
50%
CCambodia
50%
CCentral African Republic
50%
GGrenada
50%
IIvory Coast
50%
LLiechtenstein
50%
MMadagascar
50%
MMarshall Islands
50%
MMozambique
50%
NNamibia
50%
NNepal
50%
PPalau
50%
PPalestine
50%
PPapua New Guinea
50%
RRwanda
50%
SSaint Kitts and Nevis
50%
SSenegal
50%
SSeychelles
50%
SSolomon Islands
50%
SSyria
50%
TTanzania
50%
TThe Bahamas
50%
UUganda
50%
ZZimbabwe
50%
CCameroon
25%
EEast Timor
25%
SSao Tome and Principe
25%
DDijibouti
0%
JJersey
0%
MMacau
0%
MMauritiana
0%
NNew Caledonia
0%
TTurkish Republic of Northern Cyprus
0%

Score Distribution

Percentile by Number Answered

Percent of People with Each Score

Your Score History

You have not taken this quiz since the last reset